[Event "23rd Dubai Open 2023"]
[Site "Dubai UAE"]
[Date "2023.05.30"]
[Round "4.16"]
[White "Badelka, Olga"]
[Black "Karthikeyan, Murali"]
[Result "0-1"]
[WhiteTitle "IM"]
[BlackTitle "GM"]
[WhiteElo "2406"]
[BlackElo "2627"]
[WhiteFideId "13509926"]
[BlackFideId "5074452"]
[EventDate "2023.05.27"]

1. d4 Nf6 2. c4 g6 3. Nc3 Bg7 4. e4 d6 5. Nf3 O-O 6. Be2 e5 7. O-O Na6 8. Be3
Qe7 9. d5 Nc5 10. Nd2 a5 11. a3 a4 12. Bxc5 dxc5 13. Nxa4 h5 14. Nc3 Bh6 15. Re1
Ra6 16. Nf1 Nh7 17. Qd3 Ng5 18. Bd1 f5 19. exf5 Bxf5 20. Qe2 Qf7 21. f3 e4 22.
fxe4 Nxe4 23. Nxe4 Bxe4 24. Bc2 Bxc2 25. Qxc2 Bg7 26. Ng3 Rb6 27. Rf1 Rxb2 28.
Qxb2 Bxb2 29. Rxf7 Rxf7 30. Rb1 Bd4+ 31. Kh1 Re7 32. h4 Re3 33. Nf1 Rxa3 34. Nd2
Be5 35. Kg1 b6 36. Ne4 Re3 37. Ng5 Bg3 38. Rf1 Bxh4 39. Ne6 Bg3 40. Nf8 Kg7 41.
Ne6+ Kh6 42. Rc1 h4 43. Nd8 g5 44. Ne6 Re4 45. Kf1 g4 46. Kg1 Kh5 47. Ng7+ Kg6
48. Ne6 Kf6 49. Kf1 c6 50. Rd1 Rxc4 51. d6 Kxe6 52. d7 Bc7 0-1

[Event "23rd Dubai Open 2023"]
[Site "Dubai UAE"]
[Date "2023.05.30"]
[Round "4.17"]
[White "Iturrizaga Bonelli, Eduardo"]
[Black "Batchuluun, Tsegmed"]
[Result "1-0"]
[WhiteTitle "GM"]
[BlackTitle "GM"]
[WhiteElo "2637"]
[BlackElo "2466"]
[WhiteFideId "3901211"]
[BlackFideId "4900847"]
[EventDate "2023.05.27"]

1. Nf3 d5 2. g3 Bg4 3. Bg2 c6 4. O-O Nf6 5. d4 Nbd7 6. Nbd2 e6 7. Re1 Be7 8. e4
dxe4 9. Nxe4 Nxe4 10. Rxe4 Nf6 11. Re1 O-O 12. c3 h6 13. Qb3 Bxf3 14. Bxf3 Qb6
15. Bf4 Qxb3 16. axb3 a6 17. b4 Rac8 18. h4 Rfd8 19. h5 Rd7 20. Bd1 Re8 21. Bc1
Bd6 22. f4 Nd5 23. Kg2 f5 24. Bd2 Kf7 25. Bf3 Be7 26. Kf2 Nf6 27. Ke2 Bd8 28.
Kd3 Bb6 29. Re2 Rd6 30. Kc2 Red8 31. Re5 Nd7 32. g4 fxg4 33. Bxg4 Bxd4 34. Re2
Nf6 35. Bh3 Ba7 36. Rae1 Nxh5 37. Bxe6+ Kf8 38. f5 Re8 39. Rh2 Nf6 40. Bf4 Rdd8
41. Rg2 Bb8 42. Be3 Bd6 43. Rg6 Nh5 44. Reg1 Ke7 45. Rxg7+ Nxg7 46. Rxg7+ Kf6
47. Bd4+ Be5 48. Rg6+ 1-0

[Event "23rd Dubai Open 2023"]
[Site "Dubai UAE"]
[Date "2023.05.30"]
[Round "4.18"]
[White "Vakhidov, Jakhongir"]
[Black "Rios, Cristhian Camilo"]
[Result "1-0"]
[WhiteTitle "GM"]
[BlackTitle "GM"]
[WhiteElo "2607"]
[BlackElo "2469"]
[WhiteFideId "14201801"]
[BlackFideId "4403940"]
[EventDate "2023.05.27"]

1. d4 d5 2. c4 e6 3. Nc3 Nf6 4. cxd5 exd5 5. Bg5 Bb4 6. e3 h6 7. Bh4 c5 8. dxc5
Nbd7 9. Bb5 O-O 10. Bxd7 Bxd7 11. Qd4 Bxc3+ 12. bxc3 Bb5 13. Nf3 Rc8 14. Rb1 Ba6
15. Bxf6 Qxf6 16. Qxf6 gxf6 17. Kd2 Rxc5 18. Rb4 Rfc8 19. Rc1 R8c7 20. Nd4 Kh7
21. a4 Kg6 22. g4 b6 23. h4 Bc8 24. h5+ Kg7 25. Nb5 Rb7 26. Nd6 Re7 27. a5 bxa5
28. Rb8 Rc6 29. Nf5+ Kf8 30. Nxe7 Kxe7 31. Ra1 Bxg4 32. Rxa5 Bxh5 33. e4 1-0

[Event "23rd Dubai Open 2023"]
[Site "Dubai UAE"]
[Date "2023.05.30"]
[Round "4.19"]
[White "Romanov, Evgeny"]
[Black "Ohanyan, Emin"]
[Result "0-1"]
[WhiteTitle "GM"]
[BlackTitle "IM"]
[WhiteElo "2578"]
[BlackElo "2444"]
[WhiteFideId "4148843"]
[BlackFideId "13312022"]
[EventDate "2023.05.27"]

1. c4 Nf6 2. Nc3 e5 3. g3 Bb4 4. e4 Bxc3 5. dxc3 O-O 6. f3 d6 7. Nh3 a5 8. Nf2
Nfd7 9. Bd3 Nc5 10. Bc2 f5 11. Be3 Nba6 12. Qd2 Qe7 13. O-O f4 14. gxf4 exf4 15.
Bxf4 Ne6 16. Be3 Rxf3 17. e5 dxe5 18. Ne4 Rxf1+ 19. Rxf1 Bd7 20. Ng5 Nxg5 21.
Bxg5 Qc5+ 22. Be3 Qc6 23. Qf2 Qe6 24. Qh4 Qg4+ 25. Qxg4 Bxg4 26. Rf2 Be6 27. b3
a4 28. Rd2 axb3 29. axb3 g6 30. Be4 c6 31. Bb6 Kf7 32. Kf2 Nb8 33. Bc7 Nd7 34.
Bd6 Bf5 35. Bg2 Ke6 36. b4 Nb6 37. Bf1 Na4 38. c5 Nxc3 39. Bc4+ Kf6 40. Kg2 Ne4
41. Rd1 Ra4 0-1

[Event "23rd Dubai Open 2023"]
[Site "Dubai UAE"]
[Date "2023.05.30"]
[Round "4.20"]
[White "Kacharava, Nikolozi"]
[Black "Gharibyan, Mamikon"]
[Result "1/2-1/2"]
[WhiteTitle "IM"]
[BlackTitle "IM"]
[WhiteElo "2550"]
[BlackElo "2500"]
[WhiteFideId "13611860"]
[BlackFideId "13308300"]
[EventDate "2023.05.27"]

1. e4 e6 2. d4 d5 3. Nc3 Nf6 4. e5 Nfd7 5. Nce2 c5 6. c3 Nc6 7. f4 Be7 8. Nf3
O-O 9. Ng3 f6 10. Bd3 cxd4 11. exf6 Nxf6 12. cxd4 Bb4+ 13. Bd2 Qb6 14. Bxb4
Qxb4+ 15. Qd2 Bd7 16. a3 Qxd2+ 17. Kxd2 Ng4 18. Ne2 Na5 19. Raf1 Nb3+ 20. Kc2
Ba4 21. Kb1 Ne3 22. Rfg1 Ng4 23. Rf1 Ne3 24. Rfg1 Ng4 25. Bc2 Ne3 26. Bd3 1/2-1/2

[Event "23rd Dubai Open 2023"]
[Site "Dubai UAE"]
[Date "2023.05.30"]
[Round "4.21"]
[White "Mandura, Tijana"]
[Black "Zou, Chen"]
[Result "1/2-1/2"]
[WhiteTitle "WIM"]
[BlackTitle "IM"]
[WhiteElo "2203"]
[BlackElo "2413"]
[WhiteFideId "16500270"]
[BlackFideId "8610959"]
[EventDate "2023.05.27"]

1. d4 Nf6 2. Bf4 d5 3. e3 e6 4. Nf3 Bd6 5. Ne5 O-O 6. Nd2 c5 7. c3 b6 8. Bd3 Ba6
9. Bxa6 Nxa6 10. Bg5 Nb8 11. O-O Be7 12. dxc5 bxc5 13. c4 Nfd7 14. Bxe7 Qxe7 15.
Nd3 Nc6 16. cxd5 exd5 17. Rc1 Nce5 18. Nf4 Nf6 19. Nf3 Nxf3+ 20. Qxf3 Rfd8 21.
Rfd1 Rab8 22. b3 d4 23. exd4 Rxd4 24. g3 h6 25. Rxd4 cxd4 26. Nd3 Qd6 27. Qc6
Qa3 28. Rc2 Re8 29. Kg2 Qe7 30. Qf3 Qd7 31. Qc6 Qe7 32. Qf3 1/2-1/2

[Event "23rd Dubai Open 2023"]
[Site "Dubai UAE"]
[Date "2023.05.30"]
[Round "4.22"]
[White "Chanda, Sandipan"]
[Black "Vasquez Schroeder, Rodrigo"]
[Result "1-0"]
[WhiteTitle "GM"]
[BlackTitle "GM"]
[WhiteElo "2460"]
[BlackElo "2524"]
[WhiteFideId "5004225"]
[BlackFideId "3400042"]
[EventDate "2023.05.27"]

1. d4 Nf6 2. c4 e6 3. Nc3 Bb4 4. e3 b6 5. Bd2 Bb7 6. Nf3 O-O 7. Bd3 d5 8. cxd5
exd5 9. Rc1 Re8 10. O-O Bf8 11. Ne5 c5 12. Bb5 Re6 13. f4 c4 14. Qf3 Re7 15. Ba4
a6 16. Bc2 Rc7 17. Be1 Be7 18. g4 Bb4 19. Bh4 Bxc3 20. bxc3 Qd6 21. Bxf6 Qxf6
22. g5 Qe7 23. Qh3 g6 24. f5 Nc6 25. fxg6 fxg6 26. Nxg6 Qxg5+ 27. Kh1 Bc8 28.
Rf8+ Kg7 29. Rxc8 Raxc8 30. Nf4 1-0

[Event "23rd Dubai Open 2023"]
[Site "Dubai UAE"]
[Date "2023.05.30"]
[Round "4.23"]
[White "Davtyan, Artur"]
[Black "Bai, Adelard"]
[Result "1-0"]
[WhiteTitle "IM"]
[BlackTitle "FM"]
[WhiteElo "2506"]
[BlackElo "2409"]
[WhiteFideId "13308327"]
[BlackFideId "16301188"]
[EventDate "2023.05.27"]

1. c4 c6 2. Nf3 d5 3. d4 Nf6 4. e3 Bf5 5. Nc3 e6 6. Nh4 Be4 7. Qb3 Qc7 8. cxd5
cxd5 9. Nxe4 dxe4 10. g3 Nc6 11. Bd2 Be7 12. Rc1 O-O 13. Bb5 Qb6 14. O-O Rac8
15. Qa4 Nb8 16. Ba5 Qd6 17. Ng2 a6 18. Be2 Nc6 19. Bd2 e5 20. dxe5 Qxd2 21. exf6
Bxf6 22. Bg4 Rcd8 23. Qxe4 Qxb2 24. Rb1 Qxa2 25. Rxb7 Ne5 26. Bd1 Qc4 27. Qxc4
Nxc4 28. Be2 Nd2 29. Rc1 a5 30. Ra7 Rc8 31. Rxc8 Rxc8 32. Nf4 Bd8 33. Rd7 Ne4
34. Bc4 Ng5 35. Kg2 Bf6 36. Ra7 Bd8 37. Bd5 Bc7 38. h4 Bxf4 39. gxf4 Ne6 40.
Rxa5 Kf8 41. f5 Nc7 42. Rc5 Rd8 43. Bxf7 Na6 44. Ra5 Nc7 45. Bc4 Ne8 46. Ra7 Nd6
47. Be6 Re8 48. Rd7 Ne4 49. Bd5 Nc3 50. Bc4 Ne4 51. Kf3 Nc3 52. Rf7+ Kg8 53.
Re7+ Kf8 54. Rf7+ Kg8 55. Rc7+ Kf8 56. Be6 1-0

[Event "23rd Dubai Open 2023"]
[Site "Dubai UAE"]
[Date "2023.05.30"]
[Round "4.24"]
[White "Anuj, Shrivatri"]
[Black "Sankalp, Gupta"]
[Result "0-1"]
[WhiteTitle "IM"]
[BlackTitle "GM"]
[WhiteElo "2404"]
[BlackElo "2504"]
[WhiteFideId "35070924"]
[BlackFideId "5097010"]
[EventDate "2023.05.27"]

1. c4 e5 2. g3 c6 3. Nf3 e4 4. Nd4 d5 5. cxd5 Qxd5 6. Nc2 Nf6 7. Nc3 Qe5 8. Bg2
Bf5 9. O-O Be7 10. d4 exd3 11. exd3 Qc7 12. Bf4 Qd7 13. Ne3 Bh3 14. Bxh3 Qxh3
15. Qb3 b6 16. d4 O-O 17. Rad1 Nbd7 18. d5 cxd5 19. Ncxd5 Bc5 20. Qd3 Rae8 21.
Qf5 Qxf5 22. Nxf5 Nxd5 23. Rxd5 Nf6 24. Rd2 Ne4 25. Re2 g6 26. Nh6+ Kg7 27. Ng4
g5 28. Be5+ Kg6 29. b4 f5 30. bxc5 Nxc5 31. Rd1 fxg4 32. Rd6+ Re6 33. Rxe6+ Nxe6
34. Bd6 Re8 35. Ba3 Kf5 36. Bb2 Nc7 37. Rd2 Re1+ 38. Kg2 Ne6 39. f3 gxf3+ 40.
Kxf3 g4+ 41. Kf2 Rb1 42. Ke3 Nc5 43. Bh8 Re1+ 44. Kf2 Re8 45. Rd5+ Kg6 46. Ba1
Ne4+ 47. Kf1 Rc8 48. Bd4 Rc2 49. Be3 Rxh2 50. Rd4 Kf5 51. Bf4 Rxa2 52. Rd5+ Kg6 0-1

[Event "23rd Dubai Open 2023"]
[Site "Dubai UAE"]
[Date "2023.05.30"]
[Round "4.25"]
[White "Tiglon, Bryce"]
[Black "Movahed, Sina"]
[Result "0-1"]
[WhiteTitle "IM"]
[BlackTitle "FM"]
[WhiteElo "2494"]
[BlackElo "2359"]
[WhiteFideId "2087456"]
[BlackFideId "42520835"]
[EventDate "2023.05.27"]

1. e4 c5 2. Nf3 d6 3. d4 cxd4 4. Nxd4 Nf6 5. Nc3 g6 6. Be3 a6 7. Qd2 b5 8. a4
bxa4 9. Rxa4 Bd7 10. Ra1 Bg7 11. f3 O-O 12. Be2 a5 13. O-O Nc6 14. Rfd1 Qb8 15.
Nb3 Be6 16. Bb5 Rc8 17. Bxc6 Rxc6 18. Nd4 Rc8 19. Nxe6 fxe6 20. Bd4 Ra6 21. Qe2
Qb7 22. e5 dxe5 23. Bxe5 Rac6 24. Bd4 Nh5 25. Bxg7 Nxg7 26. Ra3 Nf5 27. Rb3 Qa7+
28. Qf2 Qc7 29. Rd2 Rc4 30. Nb5 Qe5 31. Re2 Qf4 32. Na3 Rd4 33. g3 Qc1+ 34. Re1
Rd1 35. Rxd1 Qxd1+ 36. Qf1 Qd6 37. Qf2 Rc5 38. Rd3 Rd5 39. Rxd5 Qxd5 40. c3 Qd3
41. Nc2 Qd1+ 42. Ne1 a4 43. g4 Nd6 44. Qe3 Kf7 45. Kf1 Qb3 46. Nd3 Nc4 47. Qe2
Nxb2 48. Ne5+ Kg7 49. Qe4 Qd1+ 50. Kg2 Qd2+ 51. Kh3 g5 52. Qa8 Qf4 53. Nd7 Nd3
54. Kg2 Qd2+ 0-1

[Event "23rd Dubai Open 2023"]
[Site "Dubai UAE"]
[Date "2023.05.30"]
[Round "4.26"]
[White "Chernobay, Artem"]
[Black "Xue, Haowen"]
[Result "0-1"]
[WhiteTitle "GM"]
[WhiteElo "2484"]
[BlackElo "2335"]
[WhiteFideId "4167406"]
[BlackFideId "8625492"]
[EventDate "2023.05.27"]

1. e4 c5 2. Nf3 Nc6 3. Nc3 e6 4. Bb5 Nge7 5. O-O a6 6. Bxc6 Nxc6 7. d4 cxd4 8.
Nxd4 Qc7 9. Re1 Bd6 10. Kh1 Nxd4 11. Qxd4 Be5 12. Qb4 d6 13. Rd1 Bd7 14. f4 Bxc3
15. bxc3 Bc6 16. Rxd6 O-O 17. c4 Bxe4 18. c5 Bd5 19. Bb2 Rad8 20. Be5 Qe7 21. c4
Bc6 22. Rad1 f6 23. Bb2 Rde8 24. Re1 Qf7 25. Rd2 Qg6 26. Qc3 Rd8 27. Qe3 Rxd2
28. Qxd2 Kf7 29. Qe2 Qf5 30. Bd4 Rd8 31. Bf2 h5 32. Kg1 Rd3 33. h3 Rc3 34. Rd1
Rc2 35. Rd2 Rc1+ 36. Rd1 Qg6 37. g3 Rc3 38. Kh2 Rc2 39. Qe3 Rxa2 40. Kg1 Qf5 0-1

[Event "23rd Dubai Open 2023"]
[Site "Dubai UAE"]
[Date "2023.05.30"]
[Round "4.27"]
[White "Winkelman, Albert"]
[Black "Mosadeghpour, Masoud"]
[Result "0-1"]
[WhiteTitle "FM"]
[BlackTitle "GM"]
[WhiteElo "2227"]
[BlackElo "2479"]
[WhiteFideId "3219941"]
[BlackFideId "12519278"]
[EventDate "2023.05.27"]

1. e4 e5 2. Nf3 Nf6 3. Nxe5 d6 4. Nf3 Nxe4 5. d4 d5 6. Bd3 Nc6 7. O-O Be7 8. c4
Nf6 9. Nc3 O-O 10. a3 Bg4 11. Be3 Qd7 12. h3 dxc4 13. Bxc4 Bh5 14. d5 Bxf3 15.
Qxf3 Ne5 16. Qe2 Nxc4 17. Qxc4 Ne8 18. Rac1 Nd6 19. Qf4 Rfe8 20. Na4 b6 21. Rc6
Bf6 22. Nc3 Be5 23. Qb4 Nb7 24. Rc4 Nd6 25. Rc6 a5 26. Qg4 f5 27. Qh4 h6 28. Qa4
f4 29. Bd4 f3 30. g4 b5 31. Qd1 Nf7 32. Be3 b4 33. Na4 Bd6 34. Nc5 Qe7 35. Bd4
Qh4 36. Qxf3 Ng5 37. Qf5 Nxh3+ 38. Kg2 Nf4+ 0-1

[Event "23rd Dubai Open 2023"]
[Site "Dubai UAE"]
[Date "2023.05.30"]
[Round "4.28"]
[White "Injac, Teodora"]
[Black "Sviridov, Valery"]
[Result "1-0"]
[WhiteTitle "IM"]
[WhiteElo "2402"]
[BlackElo "2545"]
[WhiteFideId "932400"]
[BlackFideId "4120680"]
[EventDate "2023.05.27"]

1. d4 Nf6 2. Nf3 e6 3. Bf4 b6 4. e3 Bb7 5. Bd3 g6 6. h4 Bg7 7. Qe2 Nc6 8. a3 d6
9. Nc3 Qe7 10. Ba6 Bxa6 11. Qxa6 O-O 12. Bg5 h6 13. Bxf6 Bxf6 14. O-O-O Bg7 15.
e4 Na5 16. Rd3 c6 17. Re1 Rac8 18. Kb1 Qc7 19. Nd1 d5 20. exd5 cxd5 21. Rc3 Nc6
22. Ne3 Qf4 23. Rd1 Rc7 24. Nf1 Rfc8 25. g3 Qd6 26. Ne3 Re8 27. Qb5 Rcc8 28. Qa6
Rb8 29. Ng4 h5 30. Nge5 Nxe5 31. dxe5 Qd7 32. Rd4 Rec8 33. Rxc8+ Rxc8 34. Qe2
Qc7 35. Rd3 Qc4 36. Nd4 Qc7 37. f4 Qe7 38. Rd1 Rc4 39. c3 Qc5 40. g4 hxg4 41.
Qxg4 Kf8 42. h5 gxh5 43. Qxh5 Qe7 44. Rg1 f6 45. Qh7 Rc7 1-0

[Event "23rd Dubai Open 2023"]
[Site "Dubai UAE"]
[Date "2023.05.30"]
[Round "4.30"]
[White "Raja, Rithvik R"]
[Black "Mamatov, Melis"]
[Result "1/2-1/2"]
[WhiteTitle "GM"]
[BlackTitle "FM"]
[WhiteElo "2476"]
[BlackElo "2399"]
[WhiteFideId "35007394"]
[BlackFideId "13800027"]
[EventDate "2023.05.27"]

1. d4 d5 2. c4 c6 3. Nf3 Nf6 4. e3 Bg4 5. Qb3 Qb6 6. Ne5 Bh5 7. cxd5 Qxb3 8.
axb3 Nxd5 9. Be2 Bxe2 10. Kxe2 Nd7 11. Nd3 e6 12. Bd2 c5 13. dxc5 Nxc5 14. Nxc5
Bxc5 15. Rc1 Bb6 16. Na3 O-O 17. Nc4 Bc7 18. Na5 Bxa5 19. Rxa5 f5 20. b4 Rf7 21.
f3 b6 22. Raa1 Rd7 23. Rc6 Kf7 24. e4 Ne7 25. Rc3 Rc8 26. Rac1 Rxc3 27. bxc3 e5
28. exf5 Nxf5 29. Be3 Ke6 30. g4 1/2-1/2

[Event "23rd Dubai Open 2023"]
[Site "Dubai UAE"]
[Date "2023.05.30"]
[Round "4.31"]
[White "Yeganegi, Barad"]
[Black "Erdogmus, Yagiz Kaan"]
[Result "1/2-1/2"]
[BlackTitle "IM"]
[WhiteElo "2205"]
[BlackElo "2470"]
[WhiteFideId "42516340"]
[BlackFideId "44599790"]
[EventDate "2023.05.27"]

1. d4 d5 2. c4 e6 3. Nc3 Nf6 4. cxd5 exd5 5. Bg5 c6 6. e3 Be7 7. Bd3 O-O 8. Qc2
h6 9. Bf4 Nbd7 10. h3 Re8 11. Nf3 Nf8 12. O-O Be6 13. a3 a5 14. Bh2 Bd6 15. Ne5
N6d7 16. f4 f6 17. Nf3 Bf7 18. Qf2 Bg6 19. Bxg6 Nxg6 20. Qc2 Ndf8 21. Rae1 Qd7
22. Kh1 Re7 23. f5 Bxh2 24. Kxh2 Nh8 25. e4 dxe4 26. Nxe4 Rae8 27. Qb3+ Nf7 28.
Ng3 Qd6 29. Rxe7 Rxe7 30. Qc3 a4 31. Qc5 Qxc5 32. dxc5 Nd7 33. Rc1 Nfe5 34. Ne1
Nb8 35. Kg1 Ned7 36. Kf2 Re5 37. Nd3 Rd5 38. Ke3 Na6 39. Ne4 Rxf5 40. g4 Rd5 41.
Nc3 Rg5 42. Ne4 Rd5 43. Nc3 1/2-1/2

[Event "23rd Dubai Open 2023"]
[Site "Dubai UAE"]
[Date "2023.05.30"]
[Round "4.32"]
[White "Hesham, Abdelrahman"]
[Black "Farahat, Ali"]
[Result "1-0"]
[WhiteTitle "GM"]
[BlackTitle "IM"]
[WhiteElo "2409"]
[BlackElo "2361"]
[WhiteFideId "10600183"]
[BlackFideId "10600507"]
[EventDate "2023.05.27"]

1. d4 d5 2. c4 e6 3. Nc3 Nf6 4. cxd5 exd5 5. Bg5 Nbd7 6. e3 c6 7. Bd3 Be7 8. Qc2
h6 9. Bh4 O-O 10. Nf3 Re8 11. O-O Ne4 12. Bxe4 Bxh4 13. Bh7+ Kh8 14. Nxh4 Qxh4
15. Bd3 Qd8 16. b4 Nf6 17. b5 Bd7 18. bxc6 Bxc6 19. Rfe1 Rc8 20. Qb3 g6 21. f3
Kg7 22. Rad1 Re6 23. Qb2 Qa5 24. e4 Bd7 25. Ne2 Rb6 26. Qd2 Qxd2 27. Rxd2 dxe4
28. fxe4 Rb4 29. Bb1 Bb5 30. Ng3 Rd8 31. e5 Nd5 32. Ne4 Bc6 33. Nd6 Nc3 34. Bc2
Bd5 35. Bb3 Bxb3 36. axb3 Nb5 37. Nxb7 Rdxd4 38. Rf2 Rf4 39. Rxf4 Rxf4 40. Nc5
Nd4 41. h3 Rf5 42. Re4 Nc6 43. Nd3 h5 44. b4 a6 45. Nc5 Nxe5 46. Nxa6 Nd3 47.
Rd4 Nf4 48. Rc4 h4 49. Rc2 Rb5 50. Rc4 Rf5 51. Nc7 g5 52. Rc2 Re5 53. b5 Re1+
54. Kf2 Nd3+ 55. Kf3 Ne5+ 56. Kf2 Nd3+ 57. Kf3 f5 58. Rd2 Nf4 59. Rb2 Nd3 60.
Rb3 Nc5 61. Rb2 Nd3 62. Rb3 Nc5 63. Rc3 Ne4 64. Rc6 Rb1 65. Ke3 Kf7 66. Kd4 Ke7
67. Ke5 Ng3 68. Nd5+ Kd7 69. Rd6+ Kc8 70. Rb6 g4 71. hxg4 fxg4 72. Kf4 Rb2 73.
Kxg4 Rxg2 74. Rc6+ Kb8 75. Kxh4 Nf5+ 76. Kh3 Rg3+ 77. Kh2 Rd3 78. Nb4 Rd2+ 79.
Kh3 Rb2 80. Na6+ Kb7 81. Nc5+ Kb8 82. b6 Rb5 83. Nd7+ 1-0

[Event "23rd Dubai Open 2023"]
[Site "Dubai UAE"]
[Date "2023.05.30"]
[Round "4.33"]
[White "Sibashvili, Giorgi"]
[Black "Ahmad, Al Khatib"]
[Result "0-1"]
[WhiteTitle "IM"]
[BlackTitle "GM"]
[WhiteElo "2408"]
[BlackElo "2344"]
[WhiteFideId "13602799"]
[BlackFideId "8103178"]
[EventDate "2023.05.27"]

1. b3 e5 2. Bb2 Nc6 3. Nf3 e4 4. Nd4 Nxd4 5. Bxd4 d5 6. e3 h5 7. d3 Bb4+ 8. Nd2
Bg4 9. Be2 Qg5 10. dxe4 Nf6 11. c3 Be7 12. f4 Qg6 13. e5 Ne4 14. b4 Bh4+ 15. g3
Bxg3+ 16. hxg3 Nxg3 17. Rg1 Bxe2 18. Rxg3 Qxg3+ 19. Kxe2 Qg2+ 20. Kd3 Qg6+ 21.
e4 O-O-O 22. Qf3 h4 23. Rh1 Qa6+ 24. Ke3 Qxa2 25. exd5 Rxd5 26. Qg4+ Kb8 27.
Rxh4 Rhd8 28. Qxg7 a5 29. bxa5 c5 30. Nf3 cxd4+ 31. cxd4 Rxa5 32. f5 Ra3+ 33.
Kf4 Qf2 34. Rh3 Rxd4+ 35. Kg5 Qg2+ 36. Kf6 Ra6+ 37. e6 Rxe6+ 38. fxe6 Rf4+ 39.
Ke5 Qxg7+ 40. Kxf4 Qf6+ 41. Kg3 fxe6 42. Rh5 Qg6+ 43. Rg5 Qd3 44. Re5 Qd6 45.
Kf4 b5 46. Ke4 Qc6+ 47. Ke3 Qc3+ 48. Ke4 Qc6+ 49. Ke3 Qc3+ 50. Ke4 Qc2+ 51. Ke3
Qc1+ 52. Ke4 Qb1+ 53. Ke3 b4 54. Nd4 Kc7 55. Rxe6 b3 56. Nb5+ Kd7 57. Rd6+ Ke7
58. Rd2 b2 59. Nc3 Qg1+ 60. Kd3 b1=Q+ 61. Nxb1 Qxb1+ 62. Kc3 Ke6 63. Rb2 Qa1 64.
Kb3 Kd5 65. Ra2 Qb1+ 66. Rb2 Qd3+ 67. Ka2 Kc4 68. Ka1 Qd1+ 69. Ka2 Qa4+ 70. Kb1
Kc3 71. Rb8 Qd1+ 72. Ka2 Qe2+ 73. Kb1 Qf1+ 74. Ka2 Qf2+ 75. Kb1 Qg1+ 76. Ka2
Qh2+ 0-1

[Event "23rd Dubai Open 2023"]
[Site "Dubai UAE"]
[Date "2023.05.30"]
[Round "4.34"]
[White "Lalit Babu M R"]
[Black "Buksa, Nataliya"]
[Result "0-1"]
[WhiteTitle "GM"]
[BlackTitle "IM"]
[WhiteElo "2529"]
[BlackElo "2406"]
[WhiteFideId "5024595"]
[BlackFideId "14123622"]
[EventDate "2023.05.27"]

1. e4 c5 2. Nf3 Nc6 3. Bb5 g6 4. Bxc6 dxc6 5. d3 Qc7 6. O-O e5 7. a4 Nf6 8. a5
Nh5 9. Be3 f6 10. c3 Bg4 11. Nbd2 Rd8 12. Qc2 g5 13. Ra4 Nf4 14. d4 Rg8 15. Kh1
Rg6 16. Bxf4 gxf4 17. Nh4 Rg5 18. f3 Be6 19. Nf5 Qf7 20. Re1 Rd7 21. b3 Kd8 22.
dxe5 fxe5 23. Nc4 Qf6 24. Raa1 Bxf5 25. exf5 Qxf5 26. Qxf5 Rxf5 27. Nxe5 Rd5 28.
Nc4 Bg7 29. a6 b5 30. Na5 Bxc3 31. Nxc6+ Kc7 32. Ne7 Bxa1 33. Rxa1 Rfe5 34.
Nxd5+ Rxd5 35. h4 Rd3 36. Re1 Rxb3 37. Re7+ Kb6 38. Rxh7 Rd3 39. h5 c4 40. Rg7
c3 41. Rg6+ Kc7 42. Rg5 Kc6 43. Rg8 Rd7 44. Rc8+ Rc7 45. Re8 c2 46. Re1 b4 47.
Rc1 b3 0-1

[Event "23rd Dubai Open 2023"]
[Site "Dubai UAE"]
[Date "2023.05.30"]
[Round "4.35"]
[White "Laddha, Shubh Jayesh"]
[Black "Saeed, Ishaq"]
[Result "1-0"]
[WhiteTitle "FM"]
[BlackTitle "IM"]
[WhiteElo "2397"]
[BlackElo "2303"]
[WhiteFideId "30942799"]
[BlackFideId "9301453"]
[EventDate "2023.05.27"]

1. d4 Nf6 2. Nc3 d5 3. Bf4 e6 4. Nb5 Na6 5. e3 c6 6. Nc3 b6 7. Nf3 Bb7 8. Ne5
Rc8 9. a3 Bd6 10. Bd3 Nc7 11. h4 Qe7 12. Qf3 Bxe5 13. Bxe5 Ba6 14. h5 h6 15. Qg3
Bxd3 16. cxd3 O-O 17. Bd6 Qd7 18. Bxf8 Kxf8 19. Qf3 Nce8 20. O-O Nh7 21. Rac1 f5
22. Ne2 Ng5 23. Qg3 Nf6 24. Nf4 Kg8 25. Rc3 c5 26. Rfc1 c4 27. f3 b5 28. b3 a5
29. bxc4 b4 30. axb4 axb4 31. Rb3 Qa4 32. Rcb1 dxc4 33. Rxb4 Qa3 34. Qe1 cxd3
35. Rb8 Qa6 36. Rxc8+ Qxc8 37. Qd2 Qe8 38. Qxd3 Nxh5 39. d5 Nxf4 40. exf4 Nh7
41. d6 Nf6 42. Rb7 Kh7 43. Qc3 Qf8 44. d7 Qd8 45. Qc7 Qa8 46. d8=Q Qa1+ 47. Kh2
Nh5 48. Qh4 Ng3 49. Qxg3 1-0

[Event "23rd Dubai Open 2023"]
[Site "Dubai UAE"]
[Date "2023.05.30"]
[Round "4.36"]
[White "Liyanage, Ranindu Dilshan"]
[Black "Uskov, Artem"]
[Result "1/2-1/2"]
[WhiteTitle "FM"]
[BlackTitle "IM"]
[WhiteElo "2342"]
[BlackElo "2367"]
[WhiteFideId "9915834"]
[BlackFideId "34254854"]
[EventDate "2023.05.27"]

1. d4 Nf6 2. c4 e6 3. Nc3 Bb4 4. a3 Bxc3+ 5. bxc3 b6 6. f3 Nc6 7. e4 d6 8. Bd3
Na5 9. f4 Bb7 10. Qe2 Nb3 11. Rb1 Nxc1 12. Rxc1 e5 13. Nf3 exf4 14. O-O Nh5 15.
Rce1 O-O 16. Qf2 g6 17. Nd2 Qe7 18. Be2 Ng7 19. Bg4 Ne6 20. Nf3 Rae8 21. h4 Ng7
22. Ng5 f6 23. Nh3 Bxe4 24. Nxf4 Qf7 25. d5 f5 26. Bh3 Re5 27. Re3 Rfe8 28. Rfe1
c6 29. Qd2 cxd5 30. cxd5 R8e7 31. c4 Qe8 32. Rg3 b5 33. cxb5 Qxb5 34. h5 Bxg2
35. Nxg2 Rxe1+ 36. Nxe1 Re2 37. Qc3 Nxh5 38. Rf3 Qxd5 39. Bg2 Qe5 40. Qc4+ d5
41. Qc8+ Kg7 42. Nd3 Qd4+ 43. Kh2 Qf6 44. Qb7+ Kh6 45. Qxd5 Qe7 46. Qc5 Qh4+ 47.
Rh3 Qe4 48. Qf8+ Kg5 49. Qd8+ Kh6 50. Qf8+ Kg5 51. Qd8+ Kh6 1/2-1/2

[Event "23rd Dubai Open 2023"]
[Site "Dubai UAE"]
[Date "2023.05.30"]
[Round "4.37"]
[White "Mkrtchyan, Mariam"]
[Black "Averin, Nikolay"]
[Result "1/2-1/2"]
[WhiteTitle "WIM"]
[BlackTitle "FM"]
[WhiteElo "2360"]
[BlackElo "2259"]
[WhiteFideId "13310828"]
[BlackFideId "24250473"]
[EventDate "2023.05.27"]

1. d4 d5 2. c4 e6 3. Nf3 Nf6 4. g3 Be7 5. Bg2 O-O 6. O-O dxc4 7. Qa4 a6 8. Qxc4
b5 9. Qc2 Bb7 10. Bd2 Be4 11. Qc1 b4 12. Bf4 Bd6 13. Nbd2 Bxf4 14. gxf4 Bd5 15.
Nb3 Nbd7 16. Ne5 Bxg2 17. Kxg2 Nd5 18. e3 Nxe5 19. fxe5 Qh4 20. h3 f6 21. Qc6
Rae8 22. Nc5 fxe5 23. Nxe6 Qf6 24. Qxd5 Rxe6 25. dxe5 Qg5+ 26. Kh2 Qxe5+ 27.
Qxe5 Rxe5 28. Rac1 Ra5 29. a3 bxa3 30. bxa3 Rxa3 31. Kg3 c5 32. Rfe1 Rc8 33. Rc4
Kf7 34. Rec1 Ra5 35. e4 Rb5 36. f4 Ke6 37. Kg4 a5 38. Kg5 Kf7 39. f5 Re8 40.
Rxc5 1/2-1/2